[Event "1st Metropolitan International"]
[Site "Los Angeles"]
[Date "2011.08.21"]
[Round "8"]
[White "Molner, Mackenzie"]
[Black "Manukyan, Garush"]
[Result "1-0"]
[WhiteElo "2447"]
[BlackElo "2292"]
[PlyCount "81"]
[EventDate "2011.08.17"]
[EventType "swiss"]
[EventRounds "9"]
[EventCountry "USA"]
[SourceDate "2011.08.22"]

1. e4 c6 2. d4 d5 3. e5 Bf5 4. Nf3 e6 5. Be2 c5 6. Be3 c4 7. O-O Nc6 8. b3 cxb3
9. axb3 Bb4 10. c3 Be7 11. Nbd2 f6 12. Nh4 fxe5 13. Nxf5 exf5 14. dxe5 Nxe5 15.
Bd4 Bf6 16. Re1 Kf8 17. Bxa7 Ne7 18. Bd4 N7c6 19. Rxa8 Qxa8 20. Bc5+ Kf7 21.
Nf1 Rd8 22. Ne3 g6 23. Bb6 Rd6 24. Bc5 Rd8 25. Bb6 Rd6 26. c4 Ne7 27. Bc5 Rd7
28. Nxd5 Nxd5 29. cxd5 b5 30. d6 Qc6 31. b4 Nc4 32. Bf3 Qa6 33. Qd5+ Kg7 34.
Qc6 Qxc6 35. Bxc6 Rd8 36. d7 Ne5 37. Bxb5 Nxd7 38. Be7 Rb8 39. Bxd7 Rb7 40.
Bxf6+ Kxf6 41. Bc6 1-0

[Event "1st Metropolitan International"]
[Site "Los Angeles"]
[Date "2011.08.21"]
[Round "8"]
[White "Piasetski, Leon"]
[Black "Phillips, Jeff"]
[Result "1-0"]
[WhiteElo "2289"]
[BlackElo "2071"]
[PlyCount "60"]
[EventDate "2011.08.17"]
[EventType "swiss"]
[EventRounds "9"]
[EventCountry "USA"]
[SourceDate "2011.08.22"]

1. Nf3 g6 2. d4 Bg7 3. e4 c6 4. h3 d5 5. Nc3 Nh6 6. Bf4 f6 7. exd5 cxd5 8. Nb5
Nc6 9. Nc7+ Kf8 10. Nxa8 e5 11. dxe5 fxe5 12. Bg5 Qd6 13. c3 Nf7 14. Bh4 Be6
15. Bg3 Ke7 16. Nd4 Nxd4 17. cxd4 Rxa8 18. dxe5 Bxe5 19. Bxe5 Qxe5+ 20. Be2 Qg5
21. Qb3 Qxg2 22. Bf3 Qg5 23. Qxb7+ Kf6 24. Qxa8 Qe5+ 25. Kf1 Qxb2 26. Re1 Qxa2
27. Kg2 Qd2 28. Re3 d4 29. Rd1 Qa5 30. Rxe6+ Kxe6 1-0

[Event "1st Metropolitan International"]
[Site "Los Angeles"]
[Date "2011.08.21"]
[Round "8"]
[White "Rensch, Daniel"]
[Black "Yang, Darwin"]
[Result "1/2-1/2"]
[WhiteElo "2410"]
[BlackElo "2434"]
[PlyCount "105"]
[EventDate "2011.08.17"]
[EventType "swiss"]
[EventRounds "9"]
[EventCountry "USA"]
[SourceDate "2011.08.22"]

1. e4 e6 2. d4 d5 3. Nc3 Nf6 4. Bg5 dxe4 5. Nxe4 Nbd7 6. Nf3 h6 7. Nxf6+ Nxf6
8. Be3 Nd5 9. Bd2 c5 10. c3 Be7 11. Bb5+ Bd7 12. Bxd7+ Qxd7 13. Ne5 Qc7 14.
Qa4+ Kf8 15. O-O cxd4 16. Qxd4 Rd8 17. Rad1 Nf6 18. Qe3 Bd6 19. Nf3 Ng4 20.
Qxa7 Nxh2 21. Nxh2 Bxh2+ 22. Kh1 Bd6 23. Be3 Qe7 24. Rxd6 Rxd6 25. Bc5 Kg8 26.
Bxd6 Qxd6 27. Qxb7 Kh7 28. Re1 Rb8 29. Qe4+ Kg8 30. b4 Qd2 31. a4 Qxc3 32. b5
Rd8 33. Qb1 Qd4 34. Qa2 Qf4 35. g3 Qb4 36. Rc1 Rd4 37. Rc8+ Kh7 38. Qc2+ f5 39.
Kg2 Qxa4 40. Qxa4 Rxa4 41. Re8 Rb4 42. Rxe6 Rxb5 43. Ra6 Rb2 44. Kf3 g5 45. Kg2
Kg7 46. Ra7+ Kg6 47. Ra6+ Kh5 48. Rf6 Rb5 49. Kh3 g4+ 50. Kg2 Kg5 51. Rf8 Rb6
52. Rg8+ Rg6 53. Rf8 1/2-1/2

[Event "1st Metropolitan International"]
[Site "Los Angeles"]
[Date "2011.08.21"]
[Round "8"]
[White "Tatum, Kofi"]
[Black "Duckworth, William"]
[Result "1/2-1/2"]
[WhiteElo "1995"]
[BlackElo "2352"]
[PlyCount "115"]
[EventDate "2011.08.17"]
[EventType "swiss"]
[EventRounds "9"]
[EventCountry "USA"]
[SourceDate "2011.08.22"]

1. Nf3 Nf6 2. g3 d6 3. Bg2 g6 4. O-O Bg7 5. c4 O-O 6. Nc3 c5 7. d3 Nc6 8. a3
Ne8 9. Bg5 h6 10. Be3 Nc7 11. Rb1 Bd7 12. Qc1 Kh7 13. b4 b6 14. b5 Nd4 15. a4
e5 16. Nd2 Rb8 17. Bxd4 cxd4 18. Na2 h5 19. Qa3 Re8 20. a5 Bf8 21. axb6 axb6
22. Nb4 d5 23. Qa7 Bxb4 24. Rxb4 dxc4 25. Nxc4 Re7 26. Qa4 Be8 27. Rb2 Nd5 28.
Qa3 Re6 29. Bh3 f5 30. e4 dxe3 31. fxe3 Ra8 32. Qb3 Ne7 33. Qc3 Rc8 34. e4 Rd6
35. exf5 Rxd3 36. Qxe5 Rxc4 37. f6 Rc5 38. Qxe7+ Qxe7 39. fxe7 Re3 40. Rf6 Bxb5
41. Rxb5 Rc1+ 42. Bf1 Rxe7 43. Rbxb6 Rg7 44. h4 Rc2 45. Rbe6 g5 46. Rh6+ Kg8
47. hxg5 Rxg5 48. Rhg6+ Rxg6 49. Rxg6+ Kh7 50. Re6 Rd2 51. Be2 h4 52. g4 Kg7
53. Kf2 Rc2 54. Ke3 h3 55. Kf3 Rc3+ 56. Re3 h2 57. Rxc3 h1=Q+ 58. Ke3 1/2-1/2

[Event "1st Metropolitan International"]
[Site "Los Angeles"]
[Date "2011.08.21"]
[Round "8"]
[White "Tayar, Jonathan"]
[Black "Langer, Michael"]
[Result "1-0"]
[WhiteElo "2335"]
[BlackElo "2180"]
[PlyCount "51"]
[EventDate "2011.08.17"]
[EventType "swiss"]
[EventRounds "9"]
[EventCountry "USA"]
[SourceDate "2011.08.22"]

1. e4 c5 2. Nf3 d6 3. d4 cxd4 4. Nxd4 Nf6 5. Nc3 a6 6. Bg5 e6 7. f4 Be7 8. Qf3
Qc7 9. O-O-O Nbd7 10. g4 b5 11. Bxf6 Nxf6 12. g5 Nd7 13. f5 Nc5 14. f6 gxf6 15.
gxf6 Bf8 16. Rg1 h5 17. Bh3 b4 18. Nd5 exd5 19. exd5 Bxh3 20. Qxh3 Nd7 21. Nc6
Ne5 22. Rde1 Rc8 23. Qf5 Bh6+ 24. Kb1 Qd7 25. Qxh5 Kf8 26. Ne7 1-0

[Event "1st Metropolitan International"]
[Site "Los Angeles"]
[Date "2011.08.21"]
[Round "8"]
[White "Taylor, Timothy"]
[Black "Heiserman, Jimmy"]
[Result "1-0"]
[WhiteElo "2279"]
[BlackElo "2111"]
[PlyCount "81"]
[EventDate "2011.08.17"]
[EventType "swiss"]
[EventRounds "9"]
[EventCountry "USA"]
[SourceDate "2011.08.22"]

1. e4 e6 2. d4 d5 3. Nc3 Nf6 4. exd5 exd5 5. Bg5 Be7 6. Bd3 c6 7. Qe2 O-O 8.
Nf3 Re8 9. O-O-O Ne4 10. Bxe7 Nxc3 11. Bxd8 Nxe2+ 12. Bxe2 Rxe2 13. Rhe1 Rxe1
14. Rxe1 Be6 15. Ng5 Nd7 16. Nxe6 fxe6 17. Bc7 Kf7 18. Kd2 Ke7 19. Re3 Rf8 20.
Ke2 Rc8 21. Bg3 c5 22. dxc5 Rxc5 23. Kd2 g5 24. b3 Nf6 25. f3 Nd7 26. h4 h6 27.
hxg5 hxg5 28. Re1 Rc8 29. Rh1 Rf8 30. Rh5 Rf5 31. Bf2 Nf6 32. Bc5+ Kd7 33. Rh6
b6 34. Bd4 Ke7 35. Ke2 Nd7 36. g4 Rf7 37. Rh5 e5 38. Be3 Nf6 39. Bxg5 e4 40.
fxe4 dxe4 41. Rh6 1-0

[Event "1st Metropolitan International"]
[Site "Los Angeles"]
[Date "2011.08.21"]
[Round "8"]
[White "Ulrich, Thomas"]
[Black "Krishnan, Varun"]
[Result "0-1"]
[WhiteElo "2093"]
[BlackElo "2099"]
[PlyCount "62"]
[EventDate "2011.08.17"]
[EventType "swiss"]
[EventRounds "9"]
[EventCountry "USA"]
[SourceDate "2011.08.22"]

1. d4 d5 2. c4 e6 3. Nf3 c6 4. e3 Nf6 5. b3 Nbd7 6. Bb2 Bd6 7. Bd3 O-O 8. O-O
Ne4 9. Qc2 f5 10. Ba3 Bxa3 11. Nxa3 Ng5 12. Nxg5 Qxg5 13. f4 Qe7 14. Nb1 dxc4
15. Bxc4 b5 16. Be2 Bb7 17. Bf3 g5 18. g3 gxf4 19. gxf4 Kh8 20. Nc3 Nf6 21. Rf2
Rg8+ 22. Rg2 Rxg2+ 23. Bxg2 Rg8 24. Re1 b4 25. Nd1 c5 26. Re2 cxd4 27. exd4 Nd5
28. Qc1 Qh4 29. Qa1 Rg7 30. Rxe6 Rxg2+ 31. Kxg2 Ne3+ 0-1

[Event "1st Metropolitan International"]
[Site "Los Angeles"]
[Date "2011.08.21"]
[Round "8"]
[White "Van Wely, Loek"]
[Black "Ruck, Robert"]
[Result "1/2-1/2"]
[WhiteElo "2683"]
[BlackElo "2569"]
[PlyCount "37"]
[EventDate "2011.08.17"]
[EventType "swiss"]
[EventRounds "9"]
[EventCountry "USA"]
[SourceDate "2011.08.22"]

1. c4 Nf6 2. Nc3 e5 3. Nf3 Nc6 4. g3 Bb4 5. Bg2 O-O 6. O-O e4 7. Ng5 Bxc3 8.
bxc3 Re8 9. f3 exf3 10. Nxf3 d5 11. cxd5 Qxd5 12. d3 Qc5+ 13. Kh1 Ng4 14. Qe1
Qh5 15. Bf4 Nce5 16. Bxe5 Nxe5 17. Nxe5 Rxe5 18. e4 Bh3 19. Bxh3 1/2-1/2

[Event "1st Metropolitan International"]
[Site "Los Angeles"]
[Date "2011.08.21"]
[Round "8"]
[White "Wang, Philip Xiao"]
[Black "Jayakumar, Adarsh"]
[Result "1-0"]
[WhiteElo "2371"]
[BlackElo "2177"]
[PlyCount "87"]
[EventDate "2011.08.17"]
[EventType "swiss"]
[EventRounds "9"]
[EventCountry "USA"]
[SourceDate "2011.08.22"]

1. d4 d5 2. c4 c6 3. Nf3 Nf6 4. e3 e6 5. Nbd2 Nbd7 6. b3 Bd6 7. Bb2 O-O 8. Bd3
b6 9. O-O Bb7 10. Ne5 c5 11. cxd5 exd5 12. Qf3 Qe7 13. Qf5 Rfe8 14. f4 Nf8 15.
Qh3 a6 16. a4 Rac8 17. g4 cxd4 18. exd4 Bb4 19. Rad1 Rc7 20. g5 Ne4 21. Nxe4
dxe4 22. Bc4 Qd6 23. f5 b5 24. Nxf7 Rxf7 25. Bxf7+ Kxf7 26. Qh5+ Ke7 27. f6+
Kd8 28. fxg7 Ng6 29. d5 Bc5+ 30. Bd4 e3 31. Rf6 Qc7 32. Re6 Qf7 33. Rxe8+ Kxe8
34. g8=Q+ Qxg8 35. Bxc5 Bxd5 36. Qg4 Qe6 37. Qxe6+ Bxe6 38. axb5 axb5 39. Re1
Nf4 40. Rxe3 Kd7 41. h4 Kc6 42. Ba3 Kd5 43. Bb2 Kc6 44. Re4 1-0

[Event "1st Metropolitan International"]
[Site "Los Angeles"]
[Date "2011.08.21"]
[Round "8"]
[White "Wang, Richard"]
[Black "Sevillano, Enrico"]
[Result "0-1"]
[WhiteElo "2240"]
[BlackElo "2492"]
[PlyCount "72"]
[EventDate "2011.08.17"]
[EventType "swiss"]
[EventRounds "9"]
[EventCountry "USA"]
[SourceDate "2011.08.22"]

1. d4 d5 2. Nf3 Nf6 3. e3 c6 4. c4 e6 5. b3 Ne4 6. Bb2 Bb4+ 7. Nbd2 Qf6 8. Qe2
dxc4 9. bxc4 O-O 10. g3 e5 11. dxe5 Qg6 12. O-O-O Bg4 13. Nxe4 Qxe4 14. Ng5
Bxe2 15. Nxe4 Bxd1 16. Kxd1 Nd7 17. Kc2 Rfe8 18. f4 Rad8 19. Bh3 Bf8 20. Bd4 b6
21. e6 fxe6 22. Ng5 Nc5 23. Bxc5 Bxc5 24. Bxe6+ Kf8 25. Nxh7+ Ke7 26. Ng5 Kf6
27. Bg4 Rxe3 28. Nf3 Re2+ 29. Kb1 Ba3 30. Ng5 Re3 31. Kc2 Rd4 32. Bf3 Bb4 33.
h4 Rxc4+ 34. Kb1 Ba3 35. Ka1 Ke7 36. Bh5 Rb4 0-1

[Event "1st Metropolitan International"]
[Site "Los Angeles"]
[Date "2011.08.21"]
[Round "8"]
[White "Yanayt, Eugene"]
[Black "Peters, Jack"]
[Result "1/2-1/2"]
[WhiteElo "2236"]
[BlackElo "2377"]
[PlyCount "156"]
[EventDate "2011.08.17"]
[EventType "swiss"]
[EventRounds "9"]
[EventCountry "USA"]
[SourceDate "2011.08.22"]

1. d4 Nf6 2. c4 e6 3. g3 Bb4+ 4. Bd2 Be7 5. Bg2 d5 6. Nf3 O-O 7. O-O Nbd7 8.
Qc2 c6 9. b3 Ne4 10. Ne5 f5 11. e3 Nxe5 12. dxe5 Bd7 13. f3 Nxd2 14. Qxd2 b5
15. cxb5 cxb5 16. Nc3 Rc8 17. Ne2 Qc7 18. f4 Qc2 19. Rfd1 Qxd2 20. Rxd2 Ba3 21.
Bf1 Rc5 22. Kf2 Rfc8 23. Nd4 Bb4 24. Re2 Rc3 25. Rb1 Kf7 26. Rbb2 Bc5 27. Red2
Ba3 28. Rbc2 Bc1 29. Rxc3 Rxc3 30. Rd3 b4 31. Rxc3 bxc3 32. Ke2 Bc8 33. b4 Bd7
34. b5 c2 35. Nxc2 Bxb5+ 36. Kd1 Bxf1 37. Kxc1 Bb5 38. Kd2 Ke7 39. Kc3 Kd8 40.
Kb4 Bd7 41. Kc5 Kc7 42. Nb4 Bc8 43. Nc6 a6 44. Nd4 Bd7 45. Ne2 Bb5 46. Nc3 Be8
47. a4 Bh5 48. a5 Be8 49. Ne2 Bb5 50. Nd4 Bd7 51. Kb4 Bc8 52. Kc3 Bd7 53. Kd2
Kd8 54. Ke2 Ke7 55. Kf3 Ba4 56. Ke2 Be8 57. h3 Ba4 58. g4 g6 59. g5 Bd7 60. Kd2
Kd8 61. Kc3 Kc7 62. Kb3 Kb7 63. Kb4 Kb8 64. Kc5 Kc7 65. Nc2 Bc6 66. Nb4 Bb7 67.
h4 Bc8 68. Nc6 Bd7 69. Ne7 Bb5 70. Ng8 Kd7 71. h5 gxh5 72. Nf6+ Kc7 73. Nxh5
Be8 74. Nf6 Bg6 75. Ng8 Bf7 76. Ne7 Be8 77. Ng8 Bf7 78. Nf6 Bg6 1/2-1/2

[Event "1st Metropolitan International"]
[Site "Los Angeles"]
[Date "2011.08.21"]
[Round "8"]
[White "Zepeda, Sonia"]
[Black "Tanaka, Christian"]
[Result "1/2-1/2"]
[WhiteElo "2068"]
[BlackElo "2098"]
[PlyCount "30"]
[EventDate "2011.08.17"]
[EventType "swiss"]
[EventRounds "9"]
[EventCountry "USA"]
[SourceDate "2011.08.22"]

1. e4 d5 2. exd5 Nf6 3. d4 Bg4 4. Be2 Bxe2 5. Nxe2 Qxd5 6. O-O Nc6 7. c3 O-O-O
8. Qb3 e6 9. Qxd5 exd5 10. Nd2 Bd6 11. Ng3 Bxg3 12. hxg3 Rhe8 13. Nf3 Re2 14.
Re1 Rde8 15. Kf1 Rxe1+ 1/2-1/2

[Event "1st Metropolitan International"]
[Site "Los Angeles"]
[Date "2011.08.21"]
[Round "9"]
[White "Akopyan, Harutyun"]
[Black "Chen, Howard Jed"]
[Result "0-1"]
[WhiteElo "2213"]
[BlackElo "2293"]
[PlyCount "104"]
[EventDate "2011.08.17"]
[EventType "swiss"]
[EventRounds "9"]
[EventCountry "USA"]
[SourceDate "2011.08.22"]

1. e4 d6 2. d4 Nf6 3. Nc3 g6 4. g3 Bg7 5. Bg2 O-O 6. Nge2 Nbd7 7. h3 e5 8. Be3
b6 9. d5 Bb7 10. Qd2 a5 11. Bh6 Nc5 12. g4 b5 13. Bxg7 Kxg7 14. Ng3 b4 15. Nce2
c6 16. O-O Qe7 17. Rad1 Rac8 18. Qg5 Kh8 19. f4 Ng8 20. Qxe7 Nxe7 21. fxe5 dxe5
22. Rf6 Rcd8 23. c4 Kg7 24. Rf3 Nc8 25. Re3 Nd6 26. Rc1 f6 27. Nf1 cxd5 28.
cxd5 Rc8 29. Nd2 Na4 30. b3 Rxc1+ 31. Nxc1 Rc8 32. bxa4 Rxc1+ 33. Bf1 Rc2 34.
Nb3 Rxa2 35. Nc5 Rc2 36. Nb3 Ra2 37. Nc5 Rc2 38. Nb3 Rc3 39. Rxc3 bxc3 40. Bd3
f5 41. gxf5 gxf5 42. exf5 Bxd5 43. Nc1 e4 44. Bc2 Bc4 45. Kf2 Kf6 46. Ke3 Ke5
47. f6 Nf5+ 48. Kf2 Nd4 49. Bd1 Kxf6 50. Ke3 Ke5 51. Bg4 Nb3 52. Na2 c2 0-1

[Event "1st Metropolitan International"]
[Site "Los Angeles"]
[Date "2011.08.21"]
[Round "9"]
[White "Amanov, Zhanibek"]
[Black "Kelley, Dereque"]
[Result "1-0"]
[WhiteElo "2382"]
[BlackElo "2203"]
[PlyCount "75"]
[EventDate "2011.08.17"]
[EventType "swiss"]
[EventRounds "9"]
[EventCountry "USA"]
[SourceDate "2011.08.22"]

1. c4 e5 2. g3 Nf6 3. Bg2 d5 4. cxd5 Nxd5 5. Nc3 Nb6 6. Nf3 Nc6 7. O-O Be7 8.
d3 O-O 9. a3 Be6 10. b4 Nd4 11. Bb2 Bb3 12. Qc1 Bd5 13. Nxd4 Bxg2 14. Ne6 Qd6
15. Nxc7 Rac8 16. Kxg2 Rxc7 17. Qe1 Rfc8 18. Kg1 Qe6 19. Rb1 Qb3 20. Ne4 Rc2
21. Bxe5 Qxa3 22. Ra1 Qxb4 23. Rxa7 Nd5 24. Qxb4 Bxb4 25. e3 f6 26. Bd4 R8c7
27. g4 Be7 28. Rb1 Nb4 29. Rb3 Rc1+ 30. Kg2 Rd1 31. Bb6 Rd7 32. d4 Nc6 33. Ra8+
Kf7 34. Bc5 h5 35. h3 hxg4 36. hxg4 Rc1 37. Bxe7 Rxe7 38. Nd6+ 1-0

[Event "1st Metropolitan International"]
[Site "Los Angeles"]
[Date "2011.08.21"]
[Round "9"]
[White "Bercys, Salvijus"]
[Black "Rensch, Daniel"]
[Result "1/2-1/2"]
[WhiteElo "2487"]
[BlackElo "2410"]
[PlyCount "71"]
[EventDate "2011.08.17"]
[EventType "swiss"]
[EventRounds "9"]
[EventCountry "USA"]
[SourceDate "2011.08.22"]

1. d4 Nf6 2. c4 e6 3. Nc3 Bb4 4. Qc2 O-O 5. Nf3 h6 6. a3 Bxc3+ 7. Qxc3 b6 8. g3
Bb7 9. Bg2 d6 10. O-O Nbd7 11. b4 Ne4 12. Qc2 f5 13. Rd1 Ndf6 14. Ne1 Qe8 15.
Nd3 Bc6 16. b5 Bd7 17. a4 Rd8 18. f3 Ng5 19. c5 bxc5 20. dxc5 e5 21. Ba3 Nf7
22. Nb4 f4 23. cxd6 cxd6 24. Nc6 Rc8 25. Rac1 Bxc6 26. bxc6 Qe6 27. Qc4 d5 28.
Qb4 Rfe8 29. gxf4 exf4 30. Qxf4 Rxc6 31. Rxc6 Qxc6 32. Bf1 Ng5 33. Rc1 Qe6 34.
Kh1 Qb6 35. Bc5 Qb2 36. Bd4 1/2-1/2

[Event "1st Metropolitan International"]
[Site "Los Angeles"]
[Date "2011.08.21"]
[Round "9"]
[White "Brown, Michael W."]
[Black "Yanayt, Eugene"]
[Result "1/2-1/2"]
[WhiteElo "2121"]
[BlackElo "2236"]
[PlyCount "60"]
[EventDate "2011.08.17"]
[EventType "swiss"]
[EventRounds "9"]
[EventCountry "USA"]
[SourceDate "2011.08.22"]

1. d4 Nf6 2. c4 g6 3. Nc3 Bg7 4. e4 d6 5. Be2 O-O 6. Nf3 c5 7. d5 e6 8. O-O
exd5 9. cxd5 Re8 10. Nd2 Na6 11. Re1 Nc7 12. Qc2 Rb8 13. a4 b6 14. Nc4 a6 15.
Bf4 Bf8 16. Bf3 Bg4 17. Qd1 Bxf3 18. Qxf3 Nh5 19. Rad1 Nxf4 20. Qxf4 f6 21. Qg4
Re7 22. f4 Ne8 23. e5 f5 24. Qg3 b5 25. Ne3 Bg7 26. axb5 axb5 27. e6 Qb6 28. h4
Nf6 29. Qf3 h5 30. Kh1 Ra8 1/2-1/2

[Event "1st Metropolitan International"]
[Site "Los Angeles"]
[Date "2011.08.21"]
[Round "9"]
[White "Chua, Alexander"]
[Black "Tayar, Jonathan"]
[Result "1/2-1/2"]
[WhiteElo "2278"]
[BlackElo "2335"]
[PlyCount "56"]
[EventDate "2011.08.17"]
[EventType "swiss"]
[EventRounds "9"]
[EventCountry "USA"]
[SourceDate "2011.08.22"]

1. d4 Nf6 2. c4 Nc6 3. Nf3 e6 4. Nc3 Bb4 5. Bg5 h6 6. Bh4 g5 7. Bg3 Ne4 8. Rc1
Nxg3 9. hxg3 g4 10. Ne5 Nxe5 11. dxe5 Qg5 12. e3 b6 13. a3 Bxc3+ 14. Rxc3 Qxe5
15. Qxg4 Bb7 16. Qf4 Qxf4 17. gxf4 c5 18. Rh2 Ke7 19. g3 Rad8 20. Bg2 Bxg2 21.
Rxg2 f5 22. Rd3 h5 23. Rh2 Rdg8 24. Ke2 Rh7 25. Rd1 Rgh8 26. Kf3 Kf6 27. e4 Re8
28. e5+ Ke7 1/2-1/2

[Event "1st Metropolitan International"]
[Site "Los Angeles"]
[Date "2011.08.21"]
[Round "9"]
[White "Clawitter, Craig"]
[Black "Zepeda, Sonia"]
[Result "1/2-1/2"]
[WhiteElo "2118"]
[BlackElo "2068"]
[PlyCount "82"]
[EventDate "2011.08.17"]
[EventType "swiss"]
[EventRounds "9"]
[EventCountry "USA"]
[SourceDate "2011.08.22"]

1. e4 c5 2. Nc3 Nc6 3. g3 d6 4. Bg2 g6 5. d3 Bg7 6. Be3 Nd4 7. Qd2 Rb8 8. Nd1
e5 9. c3 Nc6 10. Ne2 Nge7 11. O-O O-O 12. f4 b6 13. f5 f6 14. Bh6 d5 15. Bxg7
Kxg7 16. exd5 Nxd5 17. Ne3 Nxe3 18. Qxe3 Bb7 19. Rad1 Qc7 20. Qf2 Rbd8 21. g4
g5 22. Be4 Rd6 23. h4 h6 24. Ng3 Rfd8 25. Qh2 Ne7 26. Kf2 Ng8 27. Ke2 c4 28. d4
exd4 29. hxg5 d3+ 30. Kd2 hxg5 31. Rh1 Kf8 32. Bxb7 Qxb7 33. Rde1 R6d7 34. Re4
Re8 35. Rhe1 Rde7 36. Qh1 Qc7 37. Rxe7 Rxe7 38. Qa8+ Kg7 39. Nh5+ Kf7 40. Qd5+
Kf8 41. Qa8+ Kf7 1/2-1/2

[Event "1st Metropolitan International"]
[Site "Los Angeles"]
[Date "2011.08.21"]
[Round "9"]
[White "Heiserman, Jimmy"]
[Black "Barnett, Alex"]
[Result "1-0"]
[WhiteElo "2111"]
[BlackElo "2254"]
[PlyCount "43"]
[EventDate "2011.08.17"]
[EventType "swiss"]
[EventRounds "9"]
[EventCountry "USA"]
[SourceDate "2011.08.22"]

1. d4 c5 2. d5 e6 3. c4 exd5 4. cxd5 d6 5. Nc3 Ne7 6. e4 Ng6 7. f4 Be7 8. Nf3
O-O 9. Be2 Bg4 10. O-O f5 11. h3 Bxf3 12. Bxf3 fxe4 13. Bxe4 Bf6 14. Qg4 Bd4+
15. Kh1 Qd7 16. Bxg6 Qxg4 17. Bxh7+ Kf7 18. hxg4 Rh8 19. g3 Nd7 20. Kg2 Rxh7
21. Ne4 Rah8 22. Ng5+ 1-0

[Event "1st Metropolitan International"]
[Site "Los Angeles"]
[Date "2011.08.21"]
[Round "9"]
[White "Holt, Conrad"]
[Black "Matikozyan, Andranik"]
[Result "1-0"]
[WhiteElo "2438"]
[BlackElo "2451"]
[PlyCount "81"]
[EventDate "2011.08.17"]
[EventType "swiss"]
[EventRounds "9"]
[EventCountry "USA"]
[SourceDate "2011.08.22"]

1. d4 Nf6 2. c4 g6 3. Nc3 Bg7 4. e4 d6 5. Nf3 O-O 6. h3 c6 7. Bg5 e5 8. dxe5
dxe5 9. Qxd8 Rxd8 10. Nxe5 Re8 11. O-O-O Na6 12. Nf3 h6 13. Be3 Nxe4 14. Nxe4
Rxe4 15. Rd8+ Kh7 16. h4 Rxe3 17. fxe3 Bf6 18. Rd2 Nc5 19. Bd3 h5 20. Bc2 Bg4
21. Rf1 Kg7 22. Ng5 Bxg5 23. hxg5 Re8 24. b4 Nd7 25. Bd1 Be6 26. Rf4 a5 27. Re4
Nb6 28. c5 Nd5 29. Bb3 Ra8 30. b5 Rc8 31. b6 Bf5 32. Ra4 Nc3 33. Rxa5 Ne4 34.
Rd4 Nxg5 35. Ra7 Rb8 36. a4 Ne4 37. Rc4 Nf2 38. Kb2 Nd3+ 39. Ka3 Re8 40. Rxb7
Rxe3 41. Rxf7+ 1-0

[Event "1st Metropolitan International"]
[Site "Los Angeles"]
[Date "2011.08.21"]
[Round "9"]
[White "Hungaski, Robert"]
[Black "Adams, Michael"]
[Result "0-1"]
[WhiteElo "2495"]
[BlackElo "2715"]
[PlyCount "88"]
[EventDate "2011.08.17"]
[EventType "swiss"]
[EventRounds "9"]
[EventCountry "USA"]
[SourceDate "2011.08.22"]

1. d4 Nf6 2. c4 e6 3. Nc3 Bb4 4. e3 b6 5. Bd3 Bb7 6. Nf3 O-O 7. O-O c5 8. Na4
cxd4 9. exd4 Re8 10. Bg5 Be7 11. Re1 h6 12. Bf4 Bf8 13. Rc1 d6 14. h3 Nbd7 15.
Nc3 a6 16. Bg3 d5 17. cxd5 Nxd5 18. Bb1 g6 19. Qd3 N5f6 20. Rcd1 Bg7 21. a3 b5
22. Ne5 Rc8 23. f3 Qb6 24. Kh1 Rcd8 25. Qe2 Bd5 26. Nxd5 Nxd5 27. Bh2 h5 28. g4
hxg4 29. fxg4 Nxe5 30. dxe5 b4 31. Qf3 bxa3 32. bxa3 Rc8 33. Be4 Rc3 34. Rd3
Rxd3 35. Bxd3 Qb2 36. a4 Nb4 37. Rf1 Nxd3 38. Qxf7+ Kh7 39. Qxe8 Nf2+ 40. Rxf2
Qxf2 41. Qxe6 Qf1+ 42. Bg1 Qf3+ 43. Kh2 Qe2+ 44. Kh1 Qe4+ 0-1

[Event "1st Metropolitan International"]
[Site "Los Angeles"]
[Date "2011.08.21"]
[Round "9"]
[White "Jayakumar, Adarsh"]
[Black "Wang, Richard"]
[Result "1/2-1/2"]
[WhiteElo "2177"]
[BlackElo "2240"]
[PlyCount "83"]
[EventDate "2011.08.17"]
[EventType "swiss"]
[EventRounds "9"]
[EventCountry "USA"]
[SourceDate "2011.08.22"]

1. d4 d5 2. c4 c6 3. cxd5 cxd5 4. Nf3 Nf6 5. Nc3 Nc6 6. Bf4 Bf5 7. e3 e6 8. Qb3
Bb4 9. Bb5 Qa5 10. O-O O-O 11. Bxc6 bxc6 12. Bc7 Qxc7 13. Qxb4 Rfc8 14. Na4
Rab8 15. Qa3 Nd7 16. b3 Bg4 17. Nc5 Nxc5 18. Qxc5 Bxf3 19. gxf3 Rb5 20. Qc3 Qe7
21. Rac1 Qh4 22. Qd3 Rb6 23. Rc5 Qh3 24. Qe2 f5 25. f4 h6 26. f3 Kf7 27. Rfc1
Ke7 28. e4 fxe4 29. fxe4 Kf7 30. exd5 exd5 31. Re1 Rf8 32. Rc3 Qf5 33. Qe7+ Kg8
34. Rg3 Qf7 35. Qe5 Rb7 36. Rg4 Qf6 37. Kg2 Kh7 38. Kg3 Rbf7 39. Re2 Kg8 40.
Qxf6 Rxf6 41. Re5 R8f7 42. h4 1/2-1/2

[Event "1st Metropolitan International"]
[Site "Los Angeles"]
[Date "2011.08.21"]
[Round "9"]
[White "Kiewra, Keaton"]
[Black "Tatum, Kofi"]
[Result "1-0"]
[WhiteElo "2351"]
[BlackElo "1995"]
[PlyCount "105"]
[EventDate "2011.08.17"]
[EventType "swiss"]
[EventRounds "9"]
[EventCountry "USA"]
[SourceDate "2011.08.22"]

1. e4 c6 2. d4 d5 3. Nd2 dxe4 4. Nxe4 Bf5 5. Ng3 Bg6 6. Nh3 Nd7 7. Nf4 e5 8.
Nxg6 hxg6 9. Be3 Ngf6 10. c3 Qc7 11. Qb3 Bd6 12. O-O-O exd4 13. Bxd4 Nc5 14.
Re1+ Kf8 15. Qc2 Rh4 16. Kb1 a5 17. Bxc5 Bxc5 18. Bd3 a4 19. Re2 a3 20. b3 Bd6
21. Nf1 Rh5 22. Ne3 Bxh2 23. g3 Bxg3 24. Rxh5 Nxh5 25. fxg3 Qxg3 26. Nc4 Nf4
27. Re3 Qg1+ 28. Qc1 Qf2 29. Qd2 Qxd2 30. Nxd2 Nd5 31. Rh3 Ra7 32. Kc2 Nf4 33.
Rh8+ Ke7 34. Rg8 Nh5 35. b4 f5 36. Nc4 Kf6 37. Rf8+ Ke7 38. Rb8 Nf4 39. Na5
Nxd3 40. Kxd3 g5 41. Rxb7+ Rxb7 42. Nxb7 g4 43. Na5 Kd6 44. Nc4+ Kd5 45. Nxa3
g3 46. Nc2 f4 47. Ne1 g5 48. c4+ Ke5 49. a4 g4 50. Ke2 Ke4 51. a5 f3+ 52. Kf1
Ke5 53. a6 1-0

[Event "1st Metropolitan International"]
[Site "Los Angeles"]
[Date "2011.08.21"]
[Round "9"]
[White "Krishnan, Varun"]
[Black "Cherniack, Alex"]
[Result "0-1"]
[WhiteElo "2099"]
[BlackElo "2262"]
[PlyCount "54"]
[EventDate "2011.08.17"]
[EventType "swiss"]
[EventRounds "9"]
[EventCountry "USA"]
[SourceDate "2011.08.22"]

1. e4 e6 2. d4 d5 3. Nc3 Nf6 4. e5 Nfd7 5. f4 c5 6. Nf3 Nc6 7. Be3 Be7 8. Qd2
O-O 9. Be2 f6 10. exf6 Nxf6 11. O-O-O c4 12. Ne5 Bb4 13. Bf3 Nd7 14. Bg4 Nb6
15. Nxc6 bxc6 16. a3 Ba5 17. b4 cxb3 18. cxb3 Qe7 19. Kb2 Rb8 20. Ka2 Ba6 21.
Qe1 Nc4 22. Bc1 Qb7 23. b4 Bxb4 24. Be3 Nxa3 25. Rc1 Bc4+ 26. Ka1 Qa6 27. Bxe6+
Kh8 0-1